000 01872nam a2200301 a 4500
001 000038078
003 DO-SdBNP
005 20220214185008.0
008 130313s2008 dr 000 0 spa d
020 _a9789945865134
040 _aDO-SdBNP
_bspa
_cBNPHU
082 4 _a342.7293083
_bR332m
245 0 0 _aReforma y modernización del sistema político dominicano.
260 _aSanto Domingo :
_bFLASCO :
_bCONARE,
_c2008.
300 _a4v. ;
_c22 cm.
500 _aIncluye referencias bibliográficas y notas al pie de las páginas
505 _gv.1. : 1o. Panel--
_tSeparación de poderes y sistemas de control: los poderes del estado en la reforma constitucional de la República Dominicana /
_rCristóbal Rodríguez Gómez
_gv. 2. : 2o. Panel--
_tEl papel de los partidos políticos en la construcción de la transparencia en la administración pública--
_gv.3. : 3o. Panel-
_tNacionalidad, ciudadanía y reforma constitucional en la República Dominicana de principios del siglo XXI /
_rWilfredo Lozano
_gv.4. : 4o. Panel--
_tLey de acceso a la información: balance y analisís.
590 _aInventariado, 2018/VM
650 4 _aCiudadanía
_zRepública Dominicana
_964470
650 4 _aReforma judicial
_zRepública Dominicana
_956230
651 4 _aRepública Dominicana
_xDerecho constitucional
_99303
700 1 _aRodríguez Gómez, Cristóbal
_tSeparación de poderes y sistemas de control: los poderes del estado en la reforma constitucional de la República Dominicana
_964471
700 1 _aLozano, Wilfredo.
_tNacionalidad, ciudadanía y reforma constitucional en la República Dominicana de principios del siglo XXI
_964472
710 2 _aFacultad Latinoamericcana de Ciencias Sociales
_964473
710 1 _aRepública Dominicana.
_bConsejo Nacional de Administración del Estado
_956231
910 _aValidado. Control de calidad. MFF
942 _2ddc
_cLBS1
999 _c37568
_d37568